Countries at 35°N Latitude - Statistics

General Stats
  • This quiz has been taken 198 times
  • The average score is 14 of 15
Answer Stats
Country % Correct
China
98%
Iran
96%
Pakistan
96%
United States
96%
India
95%
Iraq
95%
Algeria
94%
Afghanistan
93%
Morocco
93%
Syria
92%
Tunisia
90%
Japan
84%
Greece
80%
Cyprus
79%
South Korea
79%
No matching quizzes found
Score Distribution
Percent of People with Each Score
Percentile by Number Answered
Your Score History
You have not taken this quiz